000 00803cam a2200265 a 4500
999 _c5021
_d5021
001 5021
003 BD-JhCC
005 20171207092639.0
008 860328s1987 nyu 001 0 eng
020 _a0023702303
035 _a(BD-JhCC) 5021
040 _aDLC
_cDLC
_dDLC
041 _aeng
050 0 0 _aPE1408
_b.L4133 1987
082 0 0 _a808/.042
_219
_bLEV 1987
100 1 _aLevin, Gerald Henry,
_d1929-
245 1 4 _aThe Macmillan college handbook /
_cGerald Levin.
260 _aNew York :
_bMacmillan ;
_aLondon :
_bCollier Macmillan,
_cc1987.
300 _axxxi, 703 p. ;
_c22 cm.
650 0 _aEnglish language
_xRhetoric
_xHandbooks, manuals, etc.
650 0 _xGrammar
_xHandbooks, manuals, etc.
650 0 _aReport writing
_xHandbooks, manuals, etc.
942 _2ddc
_cBK